Реалізація комунікативної інтенції компліментарних висловлювань в англійській мові (Запис № 284008)
[ простий вигляд ]
| 000 -LEADER | |
|---|---|
| fixed length control field | 02010nam a22001577a 4500 |
| 041 ## - LANGUAGE CODE | |
| Language code of text/sound track or separate title | ukr |
| 080 ## - UNIVERSAL DECIMAL CLASSIFICATION NUMBER | |
| Universal Decimal Classification number | 09 |
| 090 ## - LOCALLY ASSIGNED LC-TYPE CALL NUMBER (OCLC); LOCAL CALL NUMBER (OCLC) | |
| Local cutter number (OCLC) ; Book number/undivided call number, CALL (RLIN) | СЕМ |
| 100 ## - MAIN ENTRY--PERSONAL NAME | |
| Personal name | Семенишин О.М. |
| 245 ## - TITLE STATEMENT | |
| Title | Реалізація комунікативної інтенції компліментарних висловлювань в англійській мові |
| 260 ## - PUBLICATION, DISTRIBUTION, ETC. (IMPRINT) | |
| Place of publication, distribution, etc | Острг |
| Name of publisher, distributor, etc | КАФ |
| Date of publication, distribution, etc | 2008 |
| 300 ## - PHYSICAL DESCRIPTION | |
| Extent | 66 |
| 520 ## - SUMMARY, ETC. | |
| Summary, etc | Вступ<br/>Розділ 1. Категорія мовленнєвого етикету в аспекті міжкультурної комунікації.<br/>1.1 Мова та її соціальна природа.<br/>1.2 Сутність та проблеми міжкультурної комунікації.<br/>1.3 Структурні та функціональні аспекти мовленнєвого етикету.<br/>Розділ 2. Реалізація комунікативної інтенції компліментарних висловлювань в англійській мові.<br/>2.1 Лексичні та соціо-прагматичні особливості компліментарних висловлювань в англійській мові.<br/>2.1.1 Іллокутивний потенціал компліментарних висловлювань.<br/>2.1.2 Комплімент як перлокутивний акт.<br/>2.2 Функції компліментарних висловлювань у дискурсі.<br/>2.2.1 Комплімент як соціальна дія.<br/>2.2.2 Відповідь на комплімент як складова етичної комунікації.<br/>2.3 Національно-культурні особливості вживання компліментів в етикетниому мовленні американців і британців.<br/>Висновки<br/>Список використаної літератури<br/>Додатки |
| -- | етикет, комплімент, мова |
| 650 ## - SUBJECT ADDED ENTRY--TOPICAL TERM | |
| Topical term or geographic name as entry element | Research Papers |
| 942 ## - ADDED ENTRY ELEMENTS (KOHA) | |
| Koha item type | Книги |
| Withdrawn status | Lost status | Source of classification or shelving scheme | Damaged status | Not for loan | Home library | Current library | Date acquired | Source of acquisition | Cost, normal purchase price | Total Checkouts | Full call number | Barcode | Date last seen | Price effective from | Koha item type |
|---|---|---|---|---|---|---|---|---|---|---|---|---|---|---|---|
| Universal Decimal Classification | ВІЛ - Відділ іноземн. літератури НБ | ВІЛ - Відділ іноземн. літератури НБ | 17/04/2009 | Акт №2 | 1.00 | 09 | 213613 | 15/12/2021 | 17/04/2009 | Книги |